Statistics for Countries by Alternating Consonates

Click here to take the quiz!

General Stats

  • This quiz has been taken 12 times
    (2 since last reset)
  • The average score is 13 of 35

Answer Stats

HintAnswer% Correct
FFiji
100%
QQatar
100%
TTuvalu
100%
YYemen
100%
BBahamas
50%
BBelize
50%
CCanada
50%
GGuyana
50%
IIran
50%
IIraq
50%
IItaly
50%
JJapan
50%
KKiribati
50%
KKosovo
50%
LLebanon
50%
MMali
50%
MMonaco
50%
NNepal
50%
NNiger
50%
OOman
50%
PPeru
50%
SSuriname
50%
BBelarus
0%
BBenin
0%
CComoros
0%
CCuba
0%
DDominica
0%
GGabon
0%
MMalawi
0%
MMexico
0%
PPanama
0%
SSenegal
0%
SSudan
0%
TTogo
0%
UUnited Arab Emirates
0%

Score Distribution

Percentile by Number Answered

Percent of People with Each Score

Your Score History

You have not taken this quiz since the last reset